Lockwood-Post's directory of the pulp, paper, and allied trades.

Bibliographic Details
New Title:Lockwood-Post directory of pulp & paper mills. International edition
Lockwood-Post directory of pulp & paper mills. North American edition
Previous Title:Lockwood's directory of the paper and allied trades
Post's pulp & paper directory
Corporate Author: Miller Freeman Publications, Inc
Format: Serial
Language:English
Published: San Francisco, Calif. : Miller Freeman Publications, ©1987-©2003.
Subjects:
Online Availability: Check for online availability

MARC

Tag First Indicator Second Indicator Subfields
LEADER 00000cas a2200000 a 4500
001 in00000010692
005 20151007051427.0
008 871215d19882003cauar1 r 0 a0eng d
010 |a  89645597   |z sn 88038079  
019 |a 25403282 
022 0 |a 1046-5359 
035 |a (OCoLC)ocm17243278 
035 |a (OCoLC)17243278 
035 |9 AAA2919AM 
037 |b Lockwood-Post's Directory of the Pulp, Paper, and Allied Trades, 370 Lexington Ave., New York, NY 10017 
040 |a DSC  |c DSC  |d OCL  |d WAU  |d NYG  |d NST  |d DLC  |d NSD  |d NST  |d DLC  |d NST  |d HUL  |d AGL  |d ELM  |d NST  |d AGL  |d OCL  |d DLC  |d NYP  |d HUL  |d WAU  |d OCL  |d NYP  |d WAU  |d UtOrBLW 
042 |a lc  |a nsdp 
043 |a n-us---  |a n-cn--- 
049 |a TXAM 
050 0 0 |a TS1088  |b .L79 
082 0 0 |a 676/.025/7  |2 20 
210 0 |a Lockwood-Post's dir. pulp paper allied trades 
222 0 |a Lockwood-Post's directory of the pulp, paper, and allied trades 
245 0 0 |a Lockwood-Post's directory of the pulp, paper, and allied trades. 
246 3 |a Lockwood Post's directory of the pulp, paper, and allied trades 
246 1 7 |a Lockwood-Post's directory 
264 1 |a San Francisco, Calif. :  |b Miller Freeman Publications,  |c ©1987-©2003. 
300 |a volumes :  |b illustrations ;  |c 29 cm. 
310 |a Annual 
336 |a text  |b txt  |2 rdacontent 
337 |a unmediated  |b n  |2 rdamedia 
338 |a volume  |b nc  |2 rdacarrier 
362 0 |a 115 (1988)-2003. 
500 |a Imprint varies. 
500 |a Published: Paperloop, <2002>-2003. 
515 |a Vols. for 1988-2003 called also 115th year-130th year. 
515 |a 2003 issued in 9 vols.: v. 1, General index and industry information; v. 2, Executive offices and mills - North America; v. 3, Executive offices and mills - Europe; v. 4, Executive offices and mills - Asia/Australasia, Latin America, Africa; v. 5, Converters - North America; v. 6, Merchants and recovered wastepaper dealers; v. 7, Products and grades - North America; v. 8, Products and grades - international; v. 9, Maps of active mills - worldwide. 
530 |a Also available on CD-ROM. 
580 |a Formed by the union of: Lockwood's directory of the paper and allied trades; and: Post's pulp & paper directory. 
580 |a Beginning in 2003 the section: the Buyers guide to equipment, chemicals & technical services, published separately as: Paperloop vendor directory. 
580 |a Split into: Lockwood-Post directory of pulp & paper mills. International edition; and: Lockwood-Post directory of pulp & paper mills. North American edition 
650 0 |a Paper industry  |z United States  |v Directories. 
650 0 |a Paper industry  |z Canada  |v Directories. 
710 2 |a Miller Freeman Publications, Inc. 
776 1 |t Lockwood-Post's directory of the pulp, paper, and allied trades (CD-ROM)  |w (DLC) 2002204148  |w (OCoLC)50685132 
780 1 4 |t Lockwood's directory of the paper and allied trades  |x 0076-0277  |w (DLC) 01012840  |w (OCoLC)1780614 
780 1 4 |t Post's pulp & paper directory  |w (DLC)sn 83012085  |w (OCoLC)7640422 
785 1 6 |t Lockwood-Post directory of pulp & paper mills. International edition  |w (OCoLC)56635913 
785 1 6 |t Lockwood-Post directory of pulp & paper mills. North American edition  |w (OCoLC)56780233 
787 1 |t Paperloop vendor directory  |w (DLC) 2004235282  |w (OCoLC)52550775 
850 |a AAP  |a CSf  |a CU  |a CoFS  |a DLC  |a DNAL  |a IC  |a ICU  |a IaAS  |a KyU-ASC  |a LU  |a MH-BA  |a MiU  |a MnSU  |a N  |a NN  |a NcD  |a NcRS  |a NcU  |a OU  |a OrU  |a TxCM  |a TU  |a WaU 
994 |a C0  |b TXA 
999 |a MARS 
999 f f |s b9c4f2e2-bf68-3614-aecf-83ddeb033718  |i 7628eadd-90ec-3e69-bee1-ebe1d1f108ff  |t 0 
952 f f |a Texas A&M University  |b Rellis Campus  |c Joint Library Facility  |d Remote Storage  |e TS1088 .L822  |h Library of Congress classification  |i unmediated -- volume  |k 119th  |l 1992  |m A14815403367  |p ric  |s JLF  |t 0 
952 f f |a Texas A&M University  |b Rellis Campus  |c Joint Library Facility  |d Remote Storage  |e TS1088 .L822  |h Library of Congress classification  |i unmediated -- volume  |k 117th  |l 1990  |m A14812238828  |p ric  |s JLF  |t 0 
952 f f |a Texas A&M University  |b Rellis Campus  |c Joint Library Facility  |d Remote Storage  |e TS1088 .L822  |h Library of Congress classification  |i unmediated -- volume  |k 115th  |l 1988  |m A14811328573  |p ric  |s JLF  |t 0 
952 f f |a Texas A&M University  |b Rellis Campus  |c Joint Library Facility  |d Remote Storage  |e TS1088 .L822  |h Library of Congress classification  |i unmediated -- volume  |k 116th  |l 1989  |m A14811285644  |p ric  |s JLF  |t 0 
952 f f |a Texas A&M University  |b Rellis Campus  |c Joint Library Facility  |d Remote Storage  |e TS1088 .L822  |h Library of Congress classification  |i unmediated -- volume  |k 118th  |l 1991  |m A14813728965  |p ric  |s JLF  |t 0 
998 f f |a TS1088 .L822  |s 115th (1988)-119th (1992)  |t 0  |l Remote Storage